| 000 | 01071cam a2200277 i 4500 | ||
|---|---|---|---|
| 001 | 2739029 | ||
| 003 | ARRUPE | ||
| 005 | 20150910101924.0 | ||
| 008 | 800115s1979 miu b 100 0 eng | ||
| 010 | _a 78061267 | ||
| 020 | _a0917586085 | ||
| 020 | _a0917586077 (pbk.) | ||
| 040 |
_aDLC _cDLC _dDLC |
||
| 050 | 0 | 0 | _aSPCH.3 A843 |
| 082 | 0 | 0 | _a501 |
| 111 | 2 |
_aP.S.A. Critical Research Problems Conference _d(1977 : _cReston, Va.) _919567 |
|
| 245 | 1 | 0 |
_aCurrent research in philosophy of science : _bproceedings of the P.S.A. Critical Research Problems Conference / _cedited by Peter D. Asquith & Henry E. Kyburg, Jr. |
| 260 |
_aEast Lansing, Mich. : _bPhilosophy of Science Association, _c1979. |
||
| 300 |
_axiv, 533 p. ; _c24 cm. |
||
| 500 | _aHeelan, Patrick A. - Continental philosophy and the philosophy of science p. 84-93 | ||
| 650 | 0 |
_aScience _xPhilosophy _xCongresses. _914223 |
|
| 700 | 1 |
_aAsquith, Peter D. _919568 _eed. |
|
| 700 | 1 |
_aKyburg, Henry Ely, _d1928- _919569 _eed. |
|
| 906 |
_a7 _bcbc _corignew _d2 _eopcn _f19 _gy-gencatlg |
||
| 942 |
_2lcc _cSPC |
||
| 999 |
_c123317 _d123317 |
||